000 00585nam a2200169Ia 4500
008 151213s9999 xx 000 0 und d
020 _a98430000089-0
100 _aড, এস.এম হোসেন তৈয়ব।
245 _aIncome Tax Ordinance 1984
_cড, এস.এম হোসেন তৈয়ব।
250 _a২য সং
260 _aঢাকা
_bসেন্ট্রাল ’ল’ বুক হাউস
_c2008
300 _a8067 p.
650 _aLaw
650 _aLaw
700 _aড, এস.এম হোসেন তৈয়ব।
999 _c4070
_d4070